NFL Rushing Yards Leaders: 2020 - Statistics

General Stats
  • This quiz has been taken 124 times
  • The average score is 15 of 19
Answer Stats
Team Yards Player % Correct
Titans 2027 Derrick Henry
98%
Vikings 1557 Dalvin Cook
95%
Packers 1104 Aaron Jones
94%
Cowboys 979 Ezekiel Elliott
93%
Buccaneers 978 Ronald Jones
93%
Colts 1169 Jonathan Taylor
92%
Raiders 1065 Josh Jacobs
92%
Browns 1067 Nick Chubb
91%
Saints 932 Alvin Kamara
90%
Ravens 1005 Lamar Jackson
86%
Browns 841 Kareem Hunt
81%
Bears 1070 David Montgomery
73%
Eagles 867 Miles Sanders
68%
Cardinals 819 Kyler Murray
65%
Jaguars 1070 James Robinson
64%
Ravens 805 JK Dobbins
62%
Chiefs 803 Clyde Edwards-Helaire
55%
Broncos 986 Melvin Gordon
53%
Cardinals 955 Kenyan Drake
42%
No matching quizzes found
Score Distribution
Percent of People with Each Score
Percentile by Number Answered
Your Score History
You have not taken this quiz